(ما) أقسامها وأحكامها النحوية : (رقم التسجيلة. 40162)

تفاصيل مارك
000 -الفاتح
حقل البيانات ثابتة الطول 01604cam a2200289 a 4500
003 - محدد رقم الضبط
رقم الضبط OSt
005 - وقت وتاريخ اخر تعامل مع التسجيلة
رقم الضبط 20170521124701.0
008 - عناصر البيانات ثابتة الطول - معلومات عامة
حقل البيانات ثابتة الطول 150604s2017 su a f bmc 000 i ara c
040 ## - مصدر الفهرسة
وكالة الفهرسة الأصلية MA-UN
لغة الفهرسة ara
082 04 - رقم تصنيف ديوى العشرى
رقم التصنيف 415.1
رقم المادة م م م
رقم الطبعة 21
100 ## - المدخل الرئيسى - إسم شخصى
الإسم الشخصى المطيري، مها بنت جدعان
9 (RLIN) 57749
245 10 - بيان العنوان
العنوان (ما) أقسامها وأحكامها النحوية :
بيان المسئوليه,etc إعداد مها بنت جدعان المطيري ؛ إشراف الدكتور عبدالله النغيمشي.
بقية العنوان دراسة تطبيقية من خلال ديوان جرير /
246 ## - العنوان الموازى
عنوان صحيح/عنوان مختصر (Ma : Its Divisions and Relevant Grammar Rules An Appliied Study through the Poetry of Jarir)
260 ## - PUBLICATION, DISTRIBUTION, ETC. (IMPRINT)
تاريخ النشر أو التوزيع 2017 ، 1438
مكان الناشر او الموزع المجمعة، السعودية :
اسم الناشر او الموزع جامعة المجمعة، كلية التربية ، قسم اللغة العربية،
300 ## - الوصف المادى
التعداد 143 ورقة ؛
أبعاد الوعاء 30 سم.
500 ## - تبصرة عامة
تبصرة عامة إشراف : عبد الله النغيمشي
500 ## - تبصرة عامة
تبصرة عامة يشتمل على فهارس..
502 ## - تبصرة أطروحة
تبصرة أطروحة أطروحة (ماجستير)-جامعة المجمعة، كلية التربية ، قسم اللغة العربية، 1438-2017
504 ## - تبصرة ببليوجرافية
تبصرة ببليوجرافية,الخ يشتمل على ببليوجرافية.
520 0# - التبصرة الخاصة بالتعليق أو التلخيص
ملخص,الخ في : الإدارة العامة.
546 ## - تبصرة اللغة
تبصرة اللغة يشتمل على ملخص باللغتين العربية والإنجليزية.
610 ## - المدخل الاضافى بالموضوع-اسم هيئة
اسم الهيئة أو اسم السلطة كمدخل السعودية
التقسيم الفرعي العام جامعة المجمعة، كلية التربية
9 (RLIN) 57750
650 ## - المدخل الاضافى بالموضوع-مصطلح موضوعى
مصطلح موضوعي أو اسم جغرافي كعنصر مدخل القرآن
التقسيم الفرعي العام تفسير
9 (RLIN) 53255
650 ## - المدخل الاضافى بالموضوع-مصطلح موضوعى
مصطلح موضوعي أو اسم جغرافي كعنصر مدخل اللغة العربية
9 (RLIN) 57753
700 ## - المدخل الاضافى - اسم شخصى
الإسم الشخصى الحمد، سعود بن عبد العزيز،
الدور مشرف
9 (RLIN) 53257
942 ## - عناصر المدخل الإضافي( كوها)
مصدر التصنيف او مخطط الترفيف Dewey Decimal Classification
Koha [default] item type أطروحة (رسائل جامعية)
المقتنيات
حالة الفقد نموذج السعر الفعال حالة تلف ليس للاعارة رقم الطلب تاريخ الاكتساب الموقع الحالي الباركود الفرع الرئيسي Date last seen نوع المادة فى نظام كوها مصدر التصنيف او خطة الترفيف Total Checkouts
  2017-05-21     415.1 م م م 2017-05-21 المكتبة المركزية بالمجمعة (CL) 00502211 المكتبة المركزية بالمجمعة (CL) 2017-05-21 أطروحة (رسائل جامعية) Dewey Decimal Classification